The way I feel / (Registro nro. 29807)
[ vista simple ]
| 000 -LEADER | |
|---|---|
| fixed length control field | 00722nam a22002057a 4500 |
| 003 - CONTROL NUMBER IDENTIFIER | |
| control field | OSt |
| 005 - DATE AND TIME OF LATEST TRANSACTION | |
| control field | 20221214080538.0 |
| 008 - FIXED-LENGTH DATA ELEMENTS--GENERAL INFORMATION | |
| fixed length control field | 221214s2000 us a|||br|||| 00| j eng d |
| 020 ## - INTERNATIONAL STANDARD BOOK NUMBER | |
| International Standard Book Number | 1884734715 |
| 040 ## - CATALOGING SOURCE | |
| Original cataloging agency | CO-JMCR |
| Transcribing agency | CO-JMCR |
| 041 0# - LANGUAGE CODE | |
| Language code of text/sound track or separate title | eng |
| 082 04 - DEWEY DECIMAL CLASSIFICATION NUMBER | |
| Classification number | A / |
| Item number | CAIw |
| 100 1# - MAIN ENTRY--PERSONAL NAME | |
| Personal name | Cain, Janan, |
| Relator term | autora |
| 9 (RLIN) | 42545 |
| 245 14 - TITLE STATEMENT | |
| Title | The way I feel / |
| Statement of responsibility, etc. | written and illustrated by Janan Cain |
| 260 ## - PUBLICATION, DISTRIBUTION, ETC. | |
| Place of publication, distribution, etc. | Seattle, Wash. : |
| Name of publisher, distributor, etc. | Parenting Press, |
| Date of publication, distribution, etc. | 2000 |
| 300 ## - PHYSICAL DESCRIPTION | |
| Extent | [32] páginas : |
| Other physical details | ilustraciones a color ; |
| Dimensions | 27 cm |
| 520 3# - SUMMARY, ETC. | |
| Summary, etc. | Illustrations and rhyming text portray children experiencing a range of emotions, including frustration, shyness, jealousy, and pride. |
| 650 14 - SUBJECT ADDED ENTRY--TOPICAL TERM | |
| Topical term or geographic name entry element | Emociones |
| Form subdivision | literatura |
| 9 (RLIN) | 42546 |
| 942 ## - ADDED ENTRY ELEMENTS (KOHA) | |
| Source of classification or shelving scheme | Dewey Decimal Classification |
| Koha item type | Books |
| Withdrawn status | Lost status | Source of classification or shelving scheme | Damaged status | Not for loan | Home library | Current library | Date acquired | Source of acquisition | Total Checkouts | Full call number | Barcode | Date last seen | Date last checked out | Copy number | Price effective from | Koha item type |
|---|---|---|---|---|---|---|---|---|---|---|---|---|---|---|---|---|
| Dewey Decimal Classification | Biblioteca Pública José María del Castillo y Rada | Biblioteca Pública José María del Castillo y Rada | 02/23/2022 | Donación | 15 | A / CAIw | 201811745 | 04/06/2026 | 04/06/2026 | Ej.1 | 12/14/2022 | Books |